Loading...

Bible velichathinte kavacham (m)

Bibliographic Details
Main Author: Appan, K P
Format: Printed Book
Published: Kottayam D C Books 1994
Subjects:
LEADER 00457nam a2200157 4500
082 |a 220.6 APP-B 
100 |a Appan, K P 
245 |a Bible velichathinte kavacham (m) 
250
260 |a Kottayam  |b D C Books  |c 1994 
300
490
650 |a Bible-Interpretation and criticism 
942 |c BK 
999 |c 232227  |d 232227 
952 |0 0  |1 0  |4 0  |6 220_600000000000000_APPB  |7 0  |9 246360  |a SDE  |b SDE  |d 2019-12-12  |l 0  |o 220.6 APP-B  |p SDE11652  |r 2019-12-12  |w 2019-12-12  |y BK